|
|
|
|
| LEADER |
00000nas1a2200000 4500 |
| 001 |
380025 |
| 005 |
20231101062637.0 |
| 035 |
|
|
|a (RuTPU)RU\TPU\prd\596
|
| 035 |
|
|
|a BOOK00000596
|
| 090 |
|
|
|a 380025
|
| 100 |
|
|
|a 20011210b19469999k y0rusy50 ca
|
| 101 |
0 |
|
|a rus
|
| 102 |
|
|
|a RU
|
| 110 |
|
|
|a afaz uu0
|
| 200 |
1 |
|
|a Вестник Московского университета. Серия физико-математических и естественных наук
|e научный журнал
|f Московский государственный университет им. М. В. Ломоносова (МГУ)
|
| 210 |
|
|
|a М.
|c Изд-во МГУ
|d 1949-1956
|
| 305 |
|
|
|a Издается с 1946 г.
|
| 326 |
|
|
|a 12 номеров в год
|
| 610 |
1 |
|
|a математика
|
| 610 |
1 |
|
|a физика
|
| 610 |
1 |
|
|a химия
|
| 610 |
1 |
|
|a биология
|
| 610 |
1 |
|
|a геология
|
| 675 |
|
|
|a 51
|v 3
|
| 675 |
|
|
|a 53
|v 3
|
| 675 |
|
|
|a 54
|v 3
|
| 675 |
|
|
|a 55
|v 3
|
| 712 |
0 |
2 |
|a Московский государственный университет им. М. В. Ломоносова (МГУ)
|2 stltpush
|3 (RuTPU)RU\TPU\col\7
|
| 801 |
|
0 |
|a RU
|b 63413507
|c 20011210
|g PSBO
|
| 801 |
|
2 |
|a RU
|b 63413507
|c 20130926
|g PSBO
|
| 942 |
|
|
|c CR
|